|
|
|
|
| LEADER |
01156nam a2200289 a 4500 |
| 001 |
13255201 |
| 008 |
100215s2004 nyua b 001 0 eng d |
| 010 |
|
|
|a \\2003270579
|
| 020 |
|
|
|a 0471447951
|
| 020 |
|
|
|a 9812530576
|
| 040 |
|
|
|a DLC
|c DLC
|d DLC
|d BD-DhAAL
|
| 082 |
0 |
0 |
|a 621.319/24
|2 22
|
| 100 |
1 |
|
|a Dorf, Richard C.
|
| 245 |
1 |
0 |
|a Introduction to electric circuits /
|c Richard C. Dorf, James A. Svoboda.
|
| 246 |
3 |
|
|a Electric circuits
|
| 250 |
|
|
|a 6th ed.
|
| 260 |
|
|
|a New York :
|b Wiley,
|c c2004.
|
| 300 |
|
|
|a xxii, 809 p. :
|b ill. (some col.) ;
|c 24 cm.
|
| 504 |
|
|
|a Includes bibliographical references (p. 803) and index.
|
| 541 |
1 |
|
|e 00013887
|
| 650 |
|
0 |
|a Electric circuits.
|
| 700 |
1 |
|
|a Svoboda, James A.
|
| 852 |
4 |
|
|a Ayesha Abed Library
|j General Shelf
|
| 942 |
0 |
0 |
|0 2
|
| 999 |
|
|
|c 7534
|d 7534
|
| 952 |
|
|
|0 0
|1 0
|2 ddc
|4 0
|6 621_319240000000000_DOR_2004
|7 0
|9 8159
|a BRACUL
|b BRACUL
|c GEN
|d 2010-02-15
|l 18
|m 81
|o 621.31924 DOR
|p 3010013887
|r 2026-02-17
|s 2026-02-06
|t 1
|w 2010-02-15
|y BK
|
| 952 |
|
|
|0 0
|1 0
|2 ddc
|4 0
|6 621_319240000000000_DOR_2004
|7 0
|9 8819
|a BRACUL
|b BRACUL
|c GEN
|d 2010-03-28
|l 26
|m 167
|o 621.31924 DOR
|p 3010013886
|r 2026-02-06
|s 2026-02-05
|t 2
|w 2010-03-28
|y BK
|